Countries that have Been at War with Yugoslavia - Statistics

General Stats
  • This quiz has been taken 483 times
  • The average score is 5 of 9
Answer Stats
Name Date War Answer % Correct
Kingdom of Yugoslavia 1941 Invasion of Yugoslavia Germany
98%
Kingdom of Yugoslavia 1919 Christmas Uprising Italy
87%
Socialist Federal Republic of Yugoslavia 1991 Croatian War of Independence Croatia
83%
Socialist Federal Republic of Yugoslavia 1943 World War Two Nazi Croatia
83%
Kingdom of Yugoslavia 1941 Invasion of Yugoslavia Hungary
74%
Socialist Federal Republic of Yugoslavia 1991 Ten Day War Slovenia
72%
Socialist Federal Republic of Yugoslavia 1943 World War Two Slovak Republic
16%
Socialist Federal Republic of Yugoslavia 1975 Angolan Civil War South Africa
5%
Socialist Federal Republic of Yugoslavia 1975 Angolan Civil War Zaire
3%
No matching quizzes found
Score Distribution
Percent of People with Each Score
Percentile by Number Answered
Your Score History
You have not taken this quiz